000 00637nam a2200217 u 4500
005 20210223132703.0
008 150805s2004 cl r 000 0 spa d
020 _a9583013714
035 _aUPN01000204853
049 _aI
050 4 _aRA781.7
_bL3.9
100 1 _aLark, Liz
_937867
245 1 0 _aYoga para niños /
_cLiz Lark ; tr. Guillermo León Diez.
260 _aBogotá :
_bPanamericana,
_c2004.
300 _a96 p. :
_bil.
440 0 _aEn movimiento
534 _pTítulo original :
_tYoga for kids
650 4 _aHATHA YOGA PARA NIÑOS
_924199
650 4 _aEJERCICIOS TERAPEUTICOS PARA NIÑOS
_915568
905 _aIfantil
999 _c176954
_d176954